00934nas a2200277Ia 4500001001200000003001000012008004100022040002500063041001300088100001900101210002100120222002100141245002200162250001100184260000900195501012300204300001400327362002900341500005000370650002500420700001100445942000700456957000600463999003300469952015400502dg75-34429 IT-MiCISF161014c99999999xx |||||||||||| ||und|| aIT-MiCISFcIT-MiCISF aITALIANO aCattaneo Mario aPrima i bambini aPrima i bambini 0aFamiglia e scuola a1a ed. c2001 bCISF - Centro Internazionale Studi Famiglia - Via Giotto, 36 20145 MILANO (non commercial uses only)cCopyright 2016 app. 17-28 a n. 144, dicembre [2001] a Tema: famiglia, scuola, educazione, infanzia aEDUCAZIONEvarticolo aAA.VV. cCR 71 a34429bSig1c219056d219056 0010406DG_753442971aCISFbCISFd2016-10-14l0odg75-34429 r2016-10-14 00:00:00w2016-10-14yCRzData import 15.10.2016 / by Epidotti, Vaglietti